000 00759nam a2200205Ii 4500
003 JO-AjNU
008 230605s9999||||xx |||||||||||||| ||und||
040 _aJO-AjNU
_bara
_erda
_cJO-AjNU
041 _aara
050 1 4 _aHB71 1992
100 3 _aتاليف عقل، خضر عبد المجيد، م.مشارك عبد الفتاح عبد الرحمن كراسنه، م.مشارك مأمون حسن السعد,
_eauthor
_941225
245 0 0 _aمبادىء علم الاقتصاد
250 _aط1
264 3 1 _aاربد: دار الامل للنشر والتوزيع، 1992
300 _a215ص
336 _atext
_btxt
_2rdacontent
337 _aunmediated
_bn
_2rdamedia
338 _avolume
_bnc
_2rdacarrier
650 4 _aالاقتصاد - علم
_941226
999 _aA17559
_c21127
_d21127